| 000 | 00990nam a2200181Ia 4500 | ||
|---|---|---|---|
| 008 | 090124s9999 xx 000 0 und d | ||
| 082 | _b39448 | ||
| 100 | _aवाळिंबे वि. स. | ||
| 245 | _a सत्तावन्न ते सत्तेचाळीस स्वातंत्र्यलढ्याची संस्मरणीय कहाणी भाग 1 | ||
| 250 | _a1 | ||
| 260 |
_bराजहंस प्रकाशन _c1997 |
||
| 300 | _a534 | ||
| 600 | _aवाळिंबे वि. स. | ||
| 630 | _a सत्तावन्न ते सत्तेचाळीस स्वातंत्र्यलढ्याची संस्मरणीय कहाणी भाग 1 | ||
| 700 | _aवाळिंबे वि. स. | ||
| 730 | _a सत्तावन्न ते सत्तेचाळीस स्वातंत्र्यलढ्याची संस्मरणीय कहाणी भाग 1 | ||
| 942 | _cBOOK | ||
| 999 |
_c105548 _d105548 |
||